1104 1719 1675 1110 1193 1898 1335 1983 1379 1369 1084 1192 1645 1287 1341 1404 1876 1586 1401 1905 1935 1741 1964 1286 1732 1270 1276 1770 1391 1848 1208 1176 1374 1634 1459 1371 1341 1664 1837 1648 1606 1383 1381 1803 1210 1504 1903 1502 1443 1053 1675 1295 1537 1322 1909 1942 1889 1396 1478 1041 1850 1106 1226 1029 1745 1571 1507 1437 1826 1419 1729 1248 1686 1887 1843 1852 1474 1444 1568 1368 1556 1733 1806 1108 1929 1366 1888 1274 1259 1738 1089 1794 1548 1262 1712 1428 1571 1331 1331 BCNSPRNW ULIB Ver.6.0+V

เปลี่ยนเป็นภาษาไทย

Change to English
 แสดงรายละเอียดบรรณานุกรม
  กลับหน้าหลัก

Brief Record : Get Marc (ISO 2709) : E-mail record : QR code < ปิดหน้าต่าง
LEADER : 00000nam 2200000uu 4500
001    13399128479
003     ULIB
008    230830s2018||||th 000 0 tha d
020    ^a9781108553193 (pbk.)
050  4 ^aPE1128^bC177
245 00 ^aCambridge English official IELTS 13 general training withanswers :^bauthentic examination papers /^c[CambridgeUniversity Press]
246 30 ^aIELTS 13 General training with answers : authenticexamination papers
250    ^a1st ed.
260    ^aCambridge :^bCambridge University Press,^c2018
300    ^a138 p. :^bill. ;^c25 cm.
504    ^aIncludes bibliographical references
650  0 ^aInternational English Language Testing System^vStudyguides
650  0 ^aEnglish language^vTextbooks for foreign speakers
650  0 ^aEnglish language^xStudy and teaching
650  0 ^aEnglish language^xExaminations^vStudy guides
650  0 ^aEnglish language^vProblems, exercises, etc.
653    ^aIELTS
945    ^p1099^l0^i010223
999    ^aประนอม เกษจรัล
รายการนี้ยังไม่มีแท็ก
คุณยังไม่ได้ล็อกอิน คุณสามารถมีกิจกรรมร่วมกับเว็บไซต์ได้ แต่ต้องล็อกอินก่อน ::
  ล็อกอิน

รายการสื่อสารสนเทศ

ลำดับที่ ประเภท เลขเรียก/บาร์โค้ด สถานที่ สถานะ
1. การศึกษาทั่วไป
หนังสือสำรอง
สถานะ=หนังสือสำรอง
PE1128 C177 ฉ.1 
  Barcode: 010223
ห้องสมุดวิทยาเขตสวรรค์ประชารักษ์
►หนังสือทั่วไป
บนชั้น

BibComment


ยังไม่เคยถูกคอมเมนท์

คอมเมนท์ทรัพยากรรายการนี้
  คอมเมนท์: Cambridge Englis..


 Copyright 2026. Bcnsprnw @Library